Comparación de sistemas de labranza y rotaciones en suelos de la región semiárida bonaerense /

Guardado en:
Autor Principal: Rey, Gustavo Ariel.
Autor Corporativo: Universidad Nacional del Sur. Departamento de Agronomía.
Otros Autores: Bravo, Oscar Abel, (tutor.)
Formato: Libro
Idioma:Spanish
Publicado: Bahía Blanca, 2013.
Etiquetas: Agregar Etiqueta
Sin Etiquetas, Sea el primero en etiquetar este registro!
LEADER 00727nam a22001695a 4500
001 EEA.libagro009192
005 20170925125652.0
008 130809s2013####ag#a##########000#0#spa#d
082 0 4 |a 631.451 
100 1 |a Rey, Gustavo Ariel. 
245 1 0 |a Comparación de sistemas de labranza y rotaciones en suelos de la región semiárida bonaerense /  |c Gustavo Ariel Rey. 
260 |a Bahía Blanca,  |c 2013. 
300 |a 54 h. :  |b il. ;  |c 30 cm. 
500 |a Trabajo de intensificación (Ingeniero Agrónomo) -- Universidad Nacional del Sur. Departamento de Agronomía, 2013. 
700 1 |a Bravo, Oscar Abel,  |e tutor. 
710 2 |a Universidad Nacional del Sur.  |b Departamento de Agronomía. 
859 |a AR-BbBCA  |b BIB. AGRONOMIA  |h 631.451  |i R456  |p 2013/6256